000 00702nam a2200253Ia 4500
003 OSt
005 20220918215920.0
006 a|||||r|||| 00| 0
007 ta
008 220917b |||||||| |||| 00| 0 eng d
024 _a143,350
037 _cTextual
040 _aARTS
_cARTS
_beng
041 _2eng
_aeng
082 _aY15-4M8:44:3.M, M1
100 _aWalkley Christine
_9135833
245 0 _aGhost in the looking glass
_b Victorian seamatress
260 _aLondon
_bPeter Owen
_c1981
300 _axi, 1367p.
_ccm.
500 _aAppendix p130-134
650 _aSOCIOLOGY
942 _hY15-4M8:44:3.M, M1
_cTEXL
_2CC
999 _c266303
_d266303